2017 Year in Review - Statistics

General Stats
  • This quiz has been taken 23 times
  • The average score is 9 of 15
Answer Stats
Hint Answer % Correct
January 20- _______ _______ is sworn in as the 45th President of the United States Donald Trump
100%
August 21- A total solar ______ is visible within a band across the entire contiguous United States eclipse
91%
June 5- Montenegro joins ____ as the 29th member NATO
91%
July 4- Russia and China urge _____ _____ to halt its missile and nuclear programs after it successfully tested its first intercontinental ballistic missile North Korea
82%
December 5- Russia is banned from the 2018 Winter ________ in Pyeongchang by the International _________ Committee Olympic
82%
June 21- The Great Mosque of al-Nuri in Mosul, ____, is destroyed by ISIL Iraq
73%
March 3- Nintendo releases the _____ worldwide Switch
68%
March 30- _______ conducts the world's first reflight of an orbital-class rocket SpaceX
64%
May 22- An ISIL terrorist bombing attack at an _______ _______ concert in Manchester, England, kills 22 people and injures more than 500 Ariana Grande
55%
October 1- 60 people are killed and 867 more injured when Stephen Paddock opens fire on a crowd in ___ ______, surpassing the 2016 Orlando nightclub shooting as the deadliest mass shooting perpetrated by a lone gunman in U.S. history Las Vegas
55%
December 14- The ____ _______ Company announces that that it will acquire most of 21st Century Fox Walt Disney
55%
April 7- In response to a suspected chemical weapons attack on a rebel-held town, the U.S. military launches 59 Tomahawk cruise missiles at an airbase in _____ Syria
45%
August 25-30- Hurricane ______ strikes the United States as a Category 4 hurricane, causing catastrophic damage to the Houston metropolitan area. At least 108 deaths are reported Harvey
23%
November 2- A new species of _______ is identified in Indonesia, becoming the third known species of ________ to be described for almost a century orangutan
14%
November 24- A mosque attack in _____, Egypt kills 305 worshippers and leaves hundreds more wounded Sinai
9%
No matching quizzes found
Score Distribution
Percent of People with Each Score
Percentile by Number Answered
Your Score History
You have not taken this quiz